000
00338nam a2200133Ia 4500
008
240624s9999 xx 000 0 und d
041
_a
eng
082
_a
823 AMI
100
_a
AMISH
245
_a
OATH OF THE VAYUPUTRAS BOOK 3 OF THE SHI
260
_c
2013
_a
New Delhi
_b
Westland Ltd
300
_a
xx, : 575 : p. : cm. ; 19
365
_c
RS
999
_c
27683
_d
27683